000 00837nam a2200265Ia 4500
003 OSt
005 20220928115137.0
006 a|||||r|||| 00| 0
007 ta
008 220927b |||||||| |||| 00| 0 eng d
020 _c15456
024 _a115999
037 _b042, 31/07/2012, Pioneer Book Distributors
_cTextual
040 _aSDCL
_cSDCL
_beng
041 _2eng
_aeng
082 _aX:78, Q2
100 _aBrewster Chris
_9443231
245 0 _aHandbook of research on comparative human resource management.
260 _aCheltenham,UK
_bEdward Elgar
_c2012
300 _ax,693p
_ccm.
650 _aPsychology
700 _a Mayrhofer Wolfgang Ed.
_9443232
942 _hX:78, Q2
_cTEXL
_2CC
999 _c758382
_d758382